| 000 | 00612nam a22002171a 4500 | ||
|---|---|---|---|
| 001 | 1002 | ||
| 003 | OSt | ||
| 005 | 20260204211717.0 | ||
| 008 | 040115s1999||||sp ||||||b||||||||||spa|| | ||
| 020 | _a8448124448 | ||
| 050 | _a370.113 P785t | ||
| 082 | _a370.113 P785t | ||
| 100 | _aPoole, Bernard J. | ||
| 245 | _aTecnología educativa: educar para la sociocultura de la comunicación y del conocimiento / Bernard J. Poole | ||
| 250 | _a2 | ||
| 264 | _aEspaña : McGraw-Hill | ||
| 300 | _a390 p. | ||
| 500 | _aIncluye indice. | ||
| 650 | _a1.Educación-Cambio. 2.Tecnología EducativaÌ | ||
| 942 |
_2ddc _cBK |
||
| 999 |
_c1002 _d1002 |
||